[Event "Guernsey Holiday op 44th"]
[Site "Vale"]
[Date "2018.10.26"]
[Round "6"]
[White "Foster, Paul"]
[Black "Baart, Edwin"]
[Result "0-1"]
[WhiteElo "1540"]
[BlackElo "1774"]
[PlyCount "154"]
[EventDate "2018.10.21"]
[EventType "swiss"]
[EventRounds "7"]
[EventCountry "GCI"]
[SourceTitle "EXT 2021"]
[Source "ChessBase"]
[SourceDate "2020.10.23"]
[SourceVersion "1"]
[SourceVersionDate "2020.10.23"]
[SourceQuality "1"]

1. e4 e5 2. Nf3 Nc6 3. Bc4 Nf6 4. d3 Bc5 5. c3 d6 6. b4 Bb6 7. Bg5 h6 8. Be3 0-0 9. Nbd2 Be6 10. d4 Bxc4 11. Nxc4 exd4 12. Nxd4 Nxe4 13. Qd3 Nxd4 14. cxd4 Re8 15. 0-0 d5 16. Ne5 c6 17. f4 f5 18. Rf3 Bc7 19. Raf1 Bxe5 20. fxe5 Qe7 21. Rxf5 Rf8 22. a3 Rxf5 23. Rxf5 Rf8 24. Qf1 a6 25. Rxf8+ Qxf8 26. Qxf8+ Kxf8 27. g4 Nc3 28. Kg2 Kf7 29. h4 Ke6 30. Kf3 b5 31. Bc1 Na4 32. h5 Nb6 33. Kf4 Nd7 34. g5 hxg5+ 35. Kxg5 Nf8 36. Bd2 Kf7 37. Kf5 Ne6 38. Be3 Nf8 39. Bg1 Ne6 40. Bf2 Nf8 41. e6+ Nxe6 42. Ke5 Ke7 43. Bg3 Nf8 44. Kf5 Kf7 45. Bf4 Ne6 46. Be5 Nf8 47. Bd6 Nd7 48. Bc7 Nf6 49. Ke5 Ke7 50. Kf5 Nxh5 51. Kg6 Nf6 52. Be5 Ng4 53. Bxg7 Ne3 54. Bf6+ Ke6 55. Bd8 Nc2 56. Bb6 Nxa3 57. Kg5 Nc4 58. Bc5 Nd6 59. Kf4 Nb7 60. Bb6 Kd7 61. Ke5 Nd6 62. Bc5 Nc4+ 63. Kf4 a5 64. bxa5 Nxa5 65. Ke3 Nb7 66. Bb4 Ke6 67. Kd3 Nd6 68. Kc3 Ne4+ 69. Kd3 Kd7 70. Kc2 Kc7 71. Kb3 Kb6 72. Be1 c5 73. dxc5+ Kxc5 74. Bb4+ Kd4 75. Kc2 Kc4 76. Be7 b4 77. Bf8 d4 0-1

[Event "Guernsey Holiday op 44th"]
[Site "Vale"]
[Date "2018.10.23"]
[Round "3"]
[White "Baart, Edwin"]
[Black "Huba, Mark J"]
[Result "1-0"]
[WhiteElo "1774"]
[BlackElo "1556"]
[PlyCount "95"]
[EventDate "2018.10.21"]
[EventType "swiss"]
[EventRounds "7"]
[EventCountry "GCI"]
[SourceTitle "EXT 2021"]
[Source "ChessBase"]
[SourceDate "2020.10.23"]
[SourceVersion "1"]
[SourceVersionDate "2020.10.23"]
[SourceQuality "1"]

1. d4 e6 2. Nf3 f5 3. c4 d5 4. Nc3 Nf6 5. Bg5 c6 6. e3 h6 7. Bxf6 Qxf6 8. Ne5 g6 9. cxd5 exd5 10. Qb3 Bg7 11. Nxd5 cxd5 12. Qxd5 Qe6 13. Bb5+ Nc6 14. Bxc6+ bxc6 15. Qxe6+ Bxe6 16. Nxg6 Rg8 17. Nf4 Bd7 18. Rc1 Kf7 19. Rc2 Bf8 20. 0-0 Bd6 21. Nd3 Be6 22. Rxc6 Bd5 23. Rxd6 Bxg2 24. Ne5+ Ke7 25. Rxh6 Bxf1+ 26. Kxf1 Rac8 27. Rh7+ Ke6 28. Rxa7 Rc1+ 29. Ke2 Rc2+ 30. Kf3 Rxb2 31. Nd3 Rb1 32. Nc5+ Kd6 33. Rd7+ Kc6 34. Rh7 Rb2 35. a4 Rg1 36. Rh6+ Kc7 37. Nd3 Rd2 38. Nf4 Ra2 39. Rf6 Rxa4 40. Rxf5 Ra2 41. Rg5 Rf1 42. Rg2 Rc1 43. h4 Rh1 44. Kg3 Ra8 45. h5 Rg8+ 46. Kf3 Rf8 47. Ke2 Rh4 48. Ne6+ 1-0

[Event "Guernsey Holiday op 43rd"]
[Site "Guernsey"]
[Date "2017.10.16"]
[Round "2"]
[White "Baart, Edwin"]
[Black "Almquist, Rutger"]
[Result "1-0"]
[WhiteElo "1816"]
[BlackElo "1589"]
[PlyCount "81"]
[EventDate "2017.10.15"]
[EventType "swiss"]
[EventRounds "7"]
[EventCountry "GCI"]
[SourceTitle "EXT 2020"]
[Source "ChessBase"]
[SourceDate "2019.10.17"]
[SourceVersion "1"]
[SourceVersionDate "2019.10.17"]
[SourceQuality "1"]

1. d4 d5 2. Nf3 c6 3. c4 e6 4. Nc3 dxc4 5. Bf4 b5 6. g3 Bb7 7. Bg2 Be7 8. 0-0 Nf6 9. Be5 0-0 10. Qc2 h6 11. e3 Nbd7 12. Rfd1 Nb6 13. Bxf6 Bxf6 14. Ne4 Qe7 15. Nc5 Qc7 16. Nd2 Be7 17. Nxb7 Qxb7 18. b3 Bb4 19. bxc4 bxc4 20. Nxc4 Nd5 21. Rac1 f6 22. Rd3 Rab8 23. Rb3 Qe7 24. Rcb1 Rfc8 25. a3 Bd6 26. Nxd6 Rxb3 27. Nxc8 Rxb1+ 28. Qxb1 Qc7 29. e4 Nc3 30. Qb3 Ne2+ 31. Kf1 Nxd4 32. Qc4 Qd7 33. Bh3 Kf7 34. Qc5 Nb5 35. a4 Qd3+ 36. Kg1 Qd1+ 37. Kg2 Qxa4 38. Qe7+ Kg6 39. Qxe6 Nd4 40. Ne7+ Kh7 41. Qg8# 1-0

[Event "Guernsey Holiday op 42nd"]
[Site "Guernsey"]
[Date "2016.10.21"]
[Round "6"]
[White "Kirkwood, Robin"]
[Black "Baart, Edwin"]
[Result "1/2-1/2"]
[WhiteElo "1646"]
[BlackElo "1847"]
[PlyCount "55"]
[EventDate "2016.10.16"]
[EventType "swiss"]
[EventRounds "7"]
[EventCountry "GCI"]
[SourceTitle "EXT 2022"]
[Source "ChessBase"]
[SourceDate "2021.10.06"]
[SourceVersion "1"]
[SourceVersionDate "2021.10.06"]
[SourceQuality "1"]

1. d4 Nf6 2. e3 d5 3. Bd3 g6 4. f4 Bg7 5. Nf3 Bg4 6. 0-0 Nbd7 7. h3 Bxf3 8. Qxf3 e6 9. Nd2 c5 10. c3 0-0 11. g4 Ne8 12. Qg2 Rc8 13. Nf3 Nd6 14. Ne5 Nf6 15. g5 Nfe4 16. Ng4 f5 17. gxf6 Nxf6 18. Nxf6+ Qxf6 19. Bd2 Qe7 20. Rae1 Qd7 21. h4 Kh8 22. Rf3 cxd4 23. exd4 Nf5 24. Qh3 Qf7 25. Kf2 Rce8 26. Rh1 Bf6 27. Bxf5 gxf5 28. Ke2 1/2-1/2

[Event "Guernsey Holiday op 41st"]
[Site "Guernsey"]
[Date "2015.10.24"]
[Round "7"]
[White "Baart, Edwin"]
[Black "Karcher, Berthold"]
[Result "0-1"]
[WhiteElo "1675"]
[BlackElo "1871"]
[PlyCount "32"]
[EventDate "2015.10.18"]
[EventType "swiss"]
[EventRounds "7"]
[EventCountry "GCI"]
[SourceTitle "EXT 2022"]
[Source "ChessBase"]
[SourceDate "2021.10.06"]
[SourceVersion "1"]
[SourceVersionDate "2021.10.06"]
[SourceQuality "1"]

1. d4 Nf6 2. Nf3 g6 3. c4 Bg7 4. Nc3 d5 5. Bg5 c6 6. cxd5 Nxd5 7. Nxd5 Qxd5 8. Qd2 h6 9. Bf4 Nd7 10. e3 Nf6 11. Bd3 Bg4 12. Be2 Ne4 13. Qb4 b6 14. h3 Be6 15. 0-0 f6 16. Nd2 a5 0-1

[Event "Guernsey Holiday op 40th"]
[Site "Guernsey"]
[Date "2014.10.20"]
[Round "2"]
[White "Baart, Edwin"]
[Black "Watson, James P"]
[Result "1-0"]
[WhiteElo "1681"]
[BlackElo "1735"]
[PlyCount "55"]
[EventDate "2014.10.19"]
[EventType "swiss"]
[EventRounds "7"]
[EventCountry "GCI"]
[SourceTitle "EXT 2022"]
[Source "ChessBase"]
[SourceDate "2021.10.06"]
[SourceVersion "1"]
[SourceVersionDate "2021.10.06"]
[SourceQuality "1"]

1. d4 d5 2. Nf3 Nf6 3. c4 e6 4. Nc3 c6 5. Bg5 Nbd7 6. Qc2 Qa5 7. Bxf6 Nxf6 8. e3 Bb4 9. Nd2 0-0 10. Be2 Re8 11. 0-0 e5 12. Nb3 Qc7 13. dxe5 Qxe5 14. Nd4 Bxc3 15. bxc3 Ne4 16. cxd5 cxd5 17. c4 Bd7 18. cxd5 Rac8 19. Qb2 Qxd5 20. Bf3 Qe5 21. Rac1 Bc6 22. Qa3 Qb8 23. Qb4 Bd5 24. Nb5 Rxc1 25. Rxc1 Rc8 26. Rd1 Rc4 27. Qb1 Bc6 28. Qd3 1-0

[Event "Guernsey Holiday op 39th"]
[Site "Guernsey"]
[Date "2013.10.21"]
[Round "2"]
[White "Baart, Edwin"]
[Black "Jones, Tim"]
[Result "1-0"]
[WhiteElo "1681"]
[BlackElo "1456"]
[PlyCount "79"]
[EventDate "2013.10.20"]
[EventType "swiss"]
[EventRounds "7"]
[EventCountry "GCI"]
[SourceTitle "EXT 2022"]
[Source "ChessBase"]
[SourceDate "2021.10.06"]
[SourceVersion "1"]
[SourceVersionDate "2021.10.06"]
[SourceQuality "1"]

1. d4 d5 2. Nf3 e6 3. c4 c6 4. Nc3 h6 5. e3 Nf6 6. Be2 Be7 7. 0-0 Nbd7 8. Qc2 0-0 9. b3 Re8 10. Bb2 Nf8 11. Ne5 Bd7 12. f4 Bd6 13. Rf3 N6h7 14. Rg3 f5 15. Rf1 Re7 16. Bh5 Be8 17. Qe2 Bxe5 18. fxe5 Bxh5 19. Qxh5 Kh8 20. Ba3 Qe8 21. Qe2 Rf7 22. cxd5 cxd5 23. Nb5 Qd8 24. Qh5 Rd7 25. Nd6 Rc8 26. Nf7+ Rxf7 27. Qxf7 Rc7 28. Qh5 Qd7 29. Qd1 Qf7 30. Bd6 Rc6 31. Rgf3 Ng5 32. R3f2 Ne4 33. Rc2 Nxd6 34. Rxc6 bxc6 35. exd6 Qd7 36. Qc2 Qxd6 37. Rc1 f4 38. Qxc6 Qxc6 39. Rxc6 fxe3 40. Kf1 1-0

[Event "Guernsey Holiday op"]
[Site "Guernsey"]
[Date "2012.10.24"]
[Round "4"]
[White "Baart, Edwin"]
[Black "Gallagher, Daniel GH"]
[Result "0-1"]
[WhiteElo "1684"]
[BlackElo "1144"]
[PlyCount "79"]
[EventDate "2012.10.21"]
[EventType "swiss"]
[EventRounds "7"]
[EventCountry "GCI"]
[SourceTitle "EXT 2015"]
[Source "ChessBase"]
[SourceDate "2014.11.20"]
[SourceVersion "1"]
[SourceVersionDate "2014.11.20"]
[SourceQuality "1"]

1. d4 Nf6 2. Nf3 g6 3. c4 Bg7 4. Nc3 d6 5. Bg5 h6 6. Bxf6 Bxf6 7. e3 Nd7 8. Bd3 c5 9. Qc2 Qa5 10. 0-0 Nb6 11. Nb5 0-0 12. Nd2 Nd7 13. Rab1 a6 14. Nb3 Qb6 15. Nc3 e6 16. d5 Ne5 17. Rbd1 Nxd3 18. Qxd3 e5 19. f4 exf4 20. Rxf4 Bg5 21. Rf2 Re8 22. e4 Qc7 23. Rdf1 f5 24. e5 Rxe5 25. Kh1 Re3 26. Qc2 Qe7 27. g3 Bd7 28. Nd2 Re8 29. Nf3 Bf6 30. Kg2 b5 31. Nd1 Re2 32. Qc1 g5 33. Rxe2 Qxe2+ 34. Rf2 Qxc4 35. Qd2 Qe4 36. Nc3 Bxc3 37. Qxc3 g4 38. Qf6 gxf3+ 39. Kg1 Qg4 40. h3 0-1

[Event "Guernsey Holiday op"]
[Site "Guernsey"]
[Date "2011.10.19"]
[Round "4"]
[White "Bateman, Kerry"]
[Black "Baart, Edwin"]
[Result "0-1"]
[WhiteElo "1525"]
[BlackElo "1687"]
[PlyCount "80"]
[EventDate "2011.10.16"]
[EventType "swiss"]
[EventRounds "7"]
[EventCountry "GCI"]
[SourceTitle "EXT 2015"]
[Source "ChessBase"]
[SourceDate "2014.11.20"]
[SourceVersion "1"]
[SourceVersionDate "2014.11.20"]
[SourceQuality "1"]

1. e4 e5 2. Nf3 Nc6 3. Bc4 Nf6 4. d4 exd4 5. 0-0 d6 6. Nxd4 Be7 7. Nxc6 bxc6 8. Qe2 0-0 9. Nc3 Be6 10. Bf4 Qb8 11. Bxe6 fxe6 12. Bd2 Qb7 13. h3 Rae8 14. g4 e5 15. g5 Nd7 16. Qg4 Qc8 17. f4 exf4 18. Rxf4 Ne5 19. Rxf8+ Rxf8 20. Qxc8 Rxc8 21. Rf1 Rf8 22. Kg2 Rxf1 23. Kxf1 Nf3 24. Be3 a6 25. e5 Nxe5 26. Kf2 Kf7 27. Ne2 Kg6 28. Nf4+ Kf5 29. Kg3 Bxg5 30. Ng2 Bxe3 31. Nxe3+ Ke4 32. Nd1 g5 33. Nf2+ Kf5 34. Nd1 h5 35. Ne3+ Ke4 36. Nd1 h4+ 37. Kg2 g4 38. Nc3+ Ke3 39. Nd1+ Kd2 40. Nf2 gxh3+ 0-1

[Event "Guernsey Holiday op 33rd"]
[Site "Guernsey"]
[Date "2007.10.26"]
[Round "6"]
[White "Versmissen, Jorie"]
[Black "Baart, Edwin"]
[Result "1/2-1/2"]
[WhiteElo "1759"]
[BlackElo "1637"]
[PlyCount "127"]
[EventDate "2007.10.21"]
[EventType "swiss"]
[EventRounds "7"]
[EventCountry "GCI"]
[SourceTitle "EXT 2022"]
[Source "ChessBase"]
[SourceDate "2021.10.06"]
[SourceVersion "1"]
[SourceVersionDate "2021.10.06"]
[SourceQuality "1"]

1. e4 e5 2. Nf3 Nc6 3. d4 exd4 4. Nxd4 Nxd4 5. Qxd4 d6 6. Bc4 Be6 7. Nc3 Bxc4 8. Qxc4 Qd7 9. 0-0 0-0-0 10. Be3 Kb8 11. a4 d5 12. Nxd5 Ne7 13. Qd4 Nc6 14. Qc3 Bd6 15. a5 Be5 16. Qb3 Nd4 17. Qc4 Qb5 18. Qxb5 Nxb5 19. a6 b6 20. Nb4 Rd6 21. Nd3 Bd4 22. Bf4 Re6 23. e5 f6 24. exf6 Bxf6 25. Rfe1 Rhe8 26. Kf1 Nd4 27. c3 Rxe1+ 28. Rxe1 Rxe1+ 29. Kxe1 Ne6 30. Bg3 h5 31. Nb4 h4 32. Nc6+ Ka8 33. Be5 Bxe5 34. Nxe5 Nf4 35. Kf1 g5 36. Nf3 Ne6 37. b4 c6 38. Nd4 Nd8 39. Ke2 c5 40. bxc5 bxc5 41. Nb3 Ne6 42. Ke3 Kb8 43. g3 hxg3 44. hxg3 Kc7 45. Ke4 c4 46. Nd4 Nc5+ 47. Kd5 Nd3 48. Kxc4 Nxf2 49. Kb5 Ne4 50. c4 Nxg3 51. Ne6+ Kc8 52. Nxg5 Nf5 53. Nf7 Nd4+ 54. Kc5 Ne6+ 55. Kb5 Nc7+ 56. Ka5 Ne6 57. Nd6+ Kc7 58. Nb5+ Kb8 59. Kb4 Ka8 60. c5 Nxc5 61. Kxc5 Kb8 62. Kd6 Ka8 63. Kc6 Kb8 64. Nc7 1/2-1/2

[Event "Guernsey Holiday op 33rd"]
[Site "Guernsey"]
[Date "2007.10.21"]
[Round "1"]
[White "Baart, Edwin"]
[Black "Beadle, John R"]
[Result "1/2-1/2"]
[WhiteElo "1637"]
[BlackElo "1400"]
[PlyCount "95"]
[EventDate "2007.10.21"]
[EventType "swiss"]
[EventRounds "7"]
[EventCountry "GCI"]
[SourceTitle "EXT 2022"]
[Source "ChessBase"]
[SourceDate "2021.10.06"]
[SourceVersion "1"]
[SourceVersionDate "2021.10.06"]
[SourceQuality "1"]

1. d4 Nf6 2. Nf3 g6 3. c4 d6 4. Nc3 Bg7 5. Bg5 0-0 6. Bxf6 exf6 7. e3 f5 8. Rc1 Nd7 9. g3 Nf6 10. Bg2 Re8 11. 0-0 Rb8 12. b4 b6 13. Qa4 a6 14. Rfd1 Qd7 15. Qc2 Bb7 16. Ne5 dxe5 17. dxe5 Qc8 18. exf6 Bxf6 19. Nd5 Bg7 20. c5 Bxd5 21. Rxd5 b5 22. Rcd1 Bf6 23. Rd7 Rd8 24. Bc6 Rxd7 25. Rxd7 Qe8 26. Rxc7 Qe6 27. Bg2 Rc8 28. Rxc8+ Qxc8 29. Qd3 Qe6 30. Qd6 Qxd6 31. cxd6 Kf8 32. Bb7 Bc3 33. a3 Bb2 34. Bxa6 Bxa3 35. Bxb5 Bxb4 36. d7 Ke7 37. h4 h6 38. Kg2 g5 39. h5 Ba5 40. f4 f6 41. Kf3 Bb6 42. Bd3 Kxd7 43. Bxf5+ Kd6 44. e4 Bd4 45. g4 Bb2 46. Bg6 Bd4 47. f5 Ke5 48. Be8 1/2-1/2